000 00764nam a2200205 i 4500
001 48288
003 ES-MaACL
005 20230906161727.0
007 t|
008 950711s1838 sp ||||1| spa d
040 _aCAM
_bspa
_cCAM
100 1 _aChristantes y Cañedo, Manuel Víctor.
_938645
245 1 0 _aTratado de cuenta y razón o cuentas del español Jeremías, inventor del método de llevarlas en partida doble /
_cpor Manuel Víctor Christantes y Cañedo.
260 _aMadrid :
_bImprenta Nacional,
_c1838.
300 _a420 p. ;
_c18 cm.
530 _aDisponible en formato digital.
650 0 4 _aContabilidad.
_911307
852 _aES-MaACL
_jB-7303
856 _uhttp://bdh-rd.bne.es/viewer.vm?id=0000077126&page=1
_zBiblioteca Digital Hispánica
999 _c48288
_d48288